[Event "AZE-ch qual"]
[Site "Baku"]
[Date "1998.??.??"]
[Round "?"]
[White "Gashimov, Vugar"]
[Black "Radjabov, Teimour"]
[Result "0-1"]
[WhiteElo "2230"]
[BlackElo "2245"]
[PlyCount "102"]
[EventDate "1998.??.??"]
[EventType "swiss"]
[EventRounds "9"]
[EventCountry "AZE"]
[SourceTitle "EXT 2000"]
[Source "ChessBase"]
[SourceDate "1999.11.16"]
[SourceVersion "1"]
[SourceVersionDate "1999.11.16"]
[SourceQuality "1"]

1. e4 e6 2. d4 d5 3. Nc3 Nf6 4. Bg5 dxe4 5. Nxe4 Be7 6. Nxf6+ Bxf6 7. Bxf6 Qxf6
8. Nf3 O-O 9. Bd3 c5 10. O-O cxd4 11. Nxd4 Rd8 12. Nf3 Nc6 13. c3 e5 14. Qc2 g6
15. Be4 Bf5 16. Rfe1 Rd7 17. Qe2 Bxe4 18. Qxe4 Rad8 19. b4 Qf4 20. Qxf4 exf4
21. Kf1 f6 22. h4 h6 23. b5 Ne7 24. Nd4 Rc8 25. Rac1 Kf7 26. h5 g5 27. Red1 Rd5
28. a4 Rc4 29. a5 a6 30. Rb1 Rxc3 31. bxa6 bxa6 32. Rb7 Ke8 33. Re1 Re5 34. Rb6
Rxe1+ 35. Kxe1 Rc4 36. Ne6 Rc6 37. Ng7+ Kf7 38. Nf5 Re6+ 39. Rxe6 Kxe6 40. Nd4+
Kd5 41. Nb3 Nc6 42. Kd1 f5 43. Kc1 Kc4 44. Nd2+ Kd3 45. Kd1 Nxa5 46. Nf3 Nc6
47. Ne1+ Kc3 48. Nf3 a5 49. Kc1 a4 50. Nd2 Nd4 51. Nb1+ Kd3 0-1

[Event "AZE-ch qual"]
[Site "Baku"]
[Date "1998.??.??"]
[Round "?"]
[White "Godjaev, Galib"]
[Black "Radjabov, Teimour"]
[Result "1-0"]
[WhiteElo "2290"]
[BlackElo "2245"]
[PlyCount "135"]
[EventDate "1998.??.??"]
[EventType "swiss"]
[EventRounds "9"]
[EventCountry "AZE"]
[SourceTitle "EXT 2000"]
[Source "ChessBase"]
[SourceDate "1999.11.16"]
[SourceVersion "1"]
[SourceVersionDate "1999.11.16"]
[SourceQuality "1"]

1. d4 e6 2. c4 f5 3. g3 Nf6 4. Bg2 d5 5. Nh3 c6 6. O-O Bd6 7. Bf4 Be7 8. Nd2
O-O 9. Bg5 Na6 10. Rc1 Nc7 11. Nf4 Qe8 12. Nd3 Bd7 13. Nf3 dxc4 14. Rxc4 Ncd5
15. Nfe5 Rd8 16. Bd2 Bc8 17. e3 Bd6 18. Rc2 Ne4 19. Qe2 Nxd2 20. Rxd2 Bc7 21.
a3 Qe7 22. Rc1 Bb8 23. b4 Bd7 24. Nxd7 Rxd7 25. Nc5 Rdd8 26. e4 fxe4 27. Qxe4
Rde8 28. Re1 Qf7 29. Bh3 e5 30. dxe5 Qh5 31. Be6+ Kh8 32. Qg4 Qh6 33. Rde2 Nb6
34. Bf5 Re7 35. Qh3 Rfe8 36. Qxh6 gxh6 37. f4 Nc4 38. Ra2 a5 39. Bd3 Bxe5 40.
fxe5 Nxe5 41. Re3 b6 42. Na4 Rd8 43. Be2 axb4 44. axb4 Ra8 45. Nc3 Rxa2 46.
Nxa2 c5 47. bxc5 bxc5 48. Nc1 Ng6 49. Rxe7 Nxe7 50. Nb3 Kg7 51. Nxc5 Nc6 52.
Kf2 Kg6 53. Bd3+ Kg7 54. Ne6+ Kf7 55. Nf4 Kg7 56. Nh5+ Kh8 57. Ke3 Ne5 58. h4
Nd7 59. Kd4 Kg8 60. Bf5 Nf8 61. Ke5 Kh8 62. Kf6 Kg8 63. Nf4 Kh8 64. Kf7 Ne6 65.
Nxe6 h5 66. Kf8 h6 67. g4 hxg4 68. Nd8 1-0

[Event "AZE-ch qual"]
[Site "Baku"]
[Date "1998.??.??"]
[Round "?"]
[White "Radjabov, Teimour"]
[Black "Badalov, Samir"]
[Result "0-1"]
[WhiteElo "2245"]
[BlackElo "2295"]
[PlyCount "66"]
[EventDate "1998.??.??"]
[EventType "swiss"]
[EventRounds "9"]
[EventCountry "AZE"]
[SourceTitle "EXT 2000"]
[Source "ChessBase"]
[SourceDate "1999.11.16"]
[SourceVersion "1"]
[SourceVersionDate "1999.11.16"]
[SourceQuality "1"]

1. Nf3 Nf6 2. b3 d5 3. Bb2 Bf5 4. g3 e6 5. Bg2 Be7 6. O-O O-O 7. d3 h6 8. c4 c6
9. Nc3 Nbd7 10. Qd2 Bh7 11. Rac1 a5 12. cxd5 exd5 13. Nd1 Bb4 14. Qc2 Qe7 15.
Ne3 Ba3 16. Bh3 Bxb2 17. Qxb2 Rfe8 18. Rc2 Nb6 19. Bf5 Nc8 20. Bxh7+ Nxh7 21.
Rb1 Nd6 22. a4 Ng5 23. Nxg5 Qxg5 24. Qd4 Nf5 25. Nxf5 Qxf5 26. b4 axb4 27. Qxb4
h5 28. Rcb2 Re6 29. h4 Rf6 30. Qd4 Rxa4 31. Qxa4 Qxf2+ 32. Kh1 Qxg3 33. e3 Qh3+
0-1

[Event "AZE-ch qual"]
[Site "Baku"]
[Date "1998.??.??"]
[Round "?"]
[White "Radjabov, Teimour"]
[Black "Bagirov, Rufat"]
[Result "1/2-1/2"]
[WhiteElo "2245"]
[BlackElo "2325"]
[PlyCount "55"]
[EventDate "1998.??.??"]
[EventType "swiss"]
[EventRounds "9"]
[EventCountry "AZE"]
[SourceTitle "EXT 2000"]
[Source "ChessBase"]
[SourceDate "1999.11.16"]
[SourceVersion "1"]
[SourceVersionDate "1999.11.16"]
[SourceQuality "1"]

1. Nf3 d5 2. b3 Bg4 3. Bb2 Nd7 4. g3 e6 5. Bg2 Ngf6 6. O-O Bd6 7. c4 O-O 8. d4
c6 9. Nc3 Qe7 10. a3 dxc4 11. bxc4 e5 12. h3 Bxf3 13. exf3 exd4 14. Re1 Qd8 15.
Qxd4 Bc5 16. Qd2 Nb6 17. Qc2 Re8 18. Ne4 Nxe4 19. fxe4 Qg5 20. Kh2 Rad8 21.
Red1 Qe7 22. a4 a5 23. f4 Bb4 24. Bd4 Bc5 25. Bb2 Bb4 26. Bd4 Bc5 27. Bb2 Bb4
28. Bd4 1/2-1/2

[Event "AZE-ch qual"]
[Site "Baku"]
[Date "1998.??.??"]
[Round "?"]
[White "Radjabov, Teimour"]
[Black "Gassanov, Assif"]
[Result "1-0"]
[WhiteElo "2245"]
[BlackElo "2285"]
[PlyCount "67"]
[EventDate "1998.??.??"]
[EventType "swiss"]
[EventRounds "9"]
[EventCountry "AZE"]
[SourceTitle "EXT 2000"]
[Source "ChessBase"]
[SourceDate "1999.11.16"]
[SourceVersion "1"]
[SourceVersionDate "1999.11.16"]
[SourceQuality "1"]

1. Nf3 Nf6 2. b3 d6 3. d4 g6 4. Bb2 Bg7 5. g3 O-O 6. Bg2 Nbd7 7. O-O e5 8. dxe5
Ng4 9. c4 Ngxe5 10. Nc3 Nxf3+ 11. Bxf3 Nc5 12. Bg2 a5 13. Qd2 Be6 14. Rad1 Re8
15. Rfe1 Qc8 16. Qc2 Qd7 17. Ba3 Qc8 18. e4 Na6 19. Bb2 Nb4 20. Qd2 Bg4 21. f3
Be6 22. f4 Bg4 23. Rc1 Bh3 24. a3 Bxg2 25. Kxg2 Na6 26. Nd5 Qd8 27. Bxg7 Kxg7
28. Qc3+ f6 29. e5 dxe5 30. fxe5 c6 31. Nxf6 Re6 32. Rcd1 Qf8 33. Rd7+ Re7 34.
e6 1-0

[Event "Asia-ch U14"]
[Site "Rasht"]
[Date "1998.??.??"]
[Round "2"]
[White "Radjabov, Teimour"]
[Black "Al Saffar, Araz Basim Mohammed"]
[Result "1/2-1/2"]
[WhiteElo "2245"]
[BlackElo "2080"]
[PlyCount "30"]
[EventDate "1998.??.??"]
[EventType "swiss"]
[EventRounds "9"]
[EventCountry "IRI"]
[SourceTitle "EXT 2003"]
[Source "ChessBase"]
[SourceDate "2002.11.25"]
[SourceVersion "1"]
[SourceVersionDate "2002.11.25"]
[SourceQuality "1"]

1. c4 f5 2. Nc3 Nf6 3. Nf3 e6 4. d4 Bb4 5. e3 O-O 6. Bd3 d6 7. Bd2 Qe7 8. Qc2
b6 9. a3 Bxc3 10. Bxc3 Bb7 11. Qe2 Ne4 12. Bxe4 Bxe4 13. O-O Nd7 14. Nd2 Bb7
15. e4 f4 1/2-1/2

[Event "Asia-ch U14"]
[Site "Rasht"]
[Date "1998.??.??"]
[Round "5"]
[White "Aryanejad, Hossein"]
[Black "Radjabov, Teimour"]
[Result "1-0"]
[WhiteElo "2290"]
[BlackElo "2245"]
[PlyCount "79"]
[EventDate "1998.??.??"]
[EventType "swiss"]
[EventRounds "9"]
[EventCountry "IRI"]
[SourceTitle "EXT 2003"]
[Source "ChessBase"]
[SourceDate "2002.11.25"]
[SourceVersion "1"]
[SourceVersionDate "2002.11.25"]
[SourceQuality "1"]

1. e4 e6 2. d3 d5 3. Qe2 dxe4 4. dxe4 e5 5. Nf3 Nc6 6. c3 Nf6 7. Bg5 h6 8. Bh4
Bg4 9. Nbd2 a6 10. h3 Be6 11. Qe3 Bd6 12. Bc4 Qe7 13. O-O Bc5 14. Qe2 g5 15.
Bg3 Nh5 16. Kh1 Nxg3+ 17. fxg3 O-O 18. Nh2 Rad8 19. Nb3 Ba7 20. Ng4 Bxc4 21.
Nxh6+ Kh8 22. Qxc4 f6 23. Qe2 Qh7 24. Qh5 Ne7 25. g4 Ng8 26. Nxg8 Kxg8 27.
Qxh7+ Kxh7 28. Rad1 Kg6 29. g3 Rh8 30. Kg2 Bb6 31. Nd2 Rd3 32. Nf3 Rhd8 33.
Rde1 c6 34. Re2 R8d6 35. h4 Rd7 36. hxg5 fxg5 37. Nxe5+ Kg7 38. Nxd7 Rxd7 39.
e5 Re7 40. e6 1-0

[Event "Moscow Kasparov Cup"]
[Site "Moscow"]
[Date "1998.??.??"]
[Round "1"]
[White "Radjabov, Teimour"]
[Black "Jeremic, Veljko"]
[Result "1-0"]
[WhiteElo "2245"]
[BlackElo "2135"]
[PlyCount "75"]
[EventDate "1998.??.??"]
[EventType "swiss"]
[EventRounds "9"]
[EventCountry "RUS"]
[SourceTitle "EXT 2000"]
[Source "ChessBase"]
[SourceDate "1999.11.16"]
[SourceVersion "1"]
[SourceVersionDate "1999.11.16"]
[SourceQuality "1"]

1. Nf3 Nf6 2. b3 d5 3. Bb2 c6 4. g3 Nbd7 5. Bg2 Qc7 6. d4 e6 7. O-O Bd6 8. c4
Ne4 9. Nc3 Nxc3 10. Bxc3 O-O 11. Qc2 f5 12. Rac1 Nf6 13. c5 Be7 14. Ne5 Nd7 15.
Nd3 Bf6 16. f4 g6 17. e3 Bg7 18. b4 Nf6 19. a4 Ne4 20. b5 Bd7 21. Rb1 Rfc8 22.
b6 Qd8 23. bxa7 Nxc3 24. Qxc3 Rxa7 25. Rb6 Rca8 26. Ra1 Bc8 27. a5 Bf6 28. Nb4
Qd7 29. a6 Bd8 30. Bf1 Bc7 31. Ra2 bxa6 32. Nxc6 Bxb6 33. cxb6 Rb7 34. Qc5 Rbb8
35. Nxb8 Rxb8 36. Bxa6 Bxa6 37. Rxa6 Rc8 38. Ra7 1-0

[Event "Moscow Kasparov Cup"]
[Site "Moscow"]
[Date "1998.??.??"]
[Round "2"]
[White "Tenikashvili, Georgij"]
[Black "Radjabov, Teimour"]
[Result "0-1"]
[WhiteElo "2165"]
[BlackElo "2245"]
[PlyCount "138"]
[EventDate "1998.??.??"]
[EventType "swiss"]
[EventRounds "9"]
[EventCountry "RUS"]
[SourceTitle "EXT 2000"]
[Source "ChessBase"]
[SourceDate "1999.11.16"]
[SourceVersion "1"]
[SourceVersionDate "1999.11.16"]
[SourceQuality "1"]

1. d4 e6 2. c4 f5 3. g3 Nf6 4. Bg2 d5 5. b3 c6 6. Nf3 Bd6 7. O-O Qe7 8. a4 a5
9. Ba3 Bxa3 10. Nxa3 O-O 11. Nc2 b6 12. Nce1 Bb7 13. Nd3 Nbd7 14. Rc1 Rac8 15.
Qc2 c5 16. e3 cxd4 17. exd4 Ba6 18. Nfe5 Nxe5 19. Nxe5 Nd7 20. Rfe1 Nxe5 21.
Rxe5 dxc4 22. Rce1 Qb4 23. bxc4 Rxc4 24. Qa2 Rxd4 25. Qxe6+ Kh8 26. Bd5 Re4 27.
R5xe4 fxe4 28. Qxe4 Qd2 29. f4 h6 30. Bb3 Bb7 31. Qe2 Qc3 32. Bc2 Qc6 33. Be4
Qc5+ 34. Kg2 Re8 35. Bxb7 Rxe2+ 36. Rxe2 Kg8 37. Bf3 b5 38. axb5 Qxb5 39. Kf2
a4 40. Be4 a3 41. Rd2 Qa5 42. Bd5+ Kf8 43. Ke2 Ke7 44. Ba2 Qb4 45. Kd3 Kf6 46.
Re2 Kf5 47. Be6+ Kg6 48. Ba2 Kh5 49. Ke3 Kg6 50. Kf3 Qc3+ 51. Kf2 Qd4+ 52. Kf1
Kf5 53. Be6+ Kf6 54. Ba2 Qb6 55. Kg2 Qc6+ 56. Kg1 h5 57. Kf2 h4 58. g4 g5 59.
f5 Qc5+ 60. Kg2 Qd4 61. Re6+ Kg7 62. f6+ Kf8 63. Re2 Qxg4+ 64. Kf1 Qf3+ 65. Ke1
Qc3+ 66. Kf1 Qa1+ 67. Kg2 h3+ 68. Kg3 Qc3+ 69. Kg4 Qxf6 0-1

[Event "Moscow Kasparov Cup"]
[Site "Moscow"]
[Date "1998.??.??"]
[Round "3"]
[White "Radjabov, Teimour"]
[Black "Kunin, Vitaly L"]
[Result "1-0"]
[WhiteElo "2245"]
[BlackElo "2220"]
[PlyCount "89"]
[EventDate "1998.??.??"]
[EventType "swiss"]
[EventRounds "9"]
[EventCountry "RUS"]
[SourceTitle "EXT 2000"]
[Source "ChessBase"]
[SourceDate "1999.11.16"]
[SourceVersion "1"]
[SourceVersionDate "1999.11.16"]
[SourceQuality "1"]

1. Nf3 b6 2. b3 Bb7 3. Bb2 e6 4. g3 f5 5. Bg2 Nf6 6. O-O Be7 7. c4 O-O 8. Nc3
Qe8 9. d4 Na6 10. a3 Qh5 11. b4 Rad8 12. Qa4 f4 13. b5 fxg3 14. fxg3 Nc5 15.
dxc5 Bxc5+ 16. Kh1 Ng4 17. h3 Nf2+ 18. Rxf2 Bxf2 19. g4 Qh6 20. Bc1 Qf6 21. Qc2
Bxf3 22. exf3 Bd4 23. Bd2 Bc5 24. Qd3 d5 25. g5 dxc4 26. Qxc4 Qg6 27. Ne4 Rd4
28. Qe2 Be7 29. Rc1 Rd7 30. a4 Qf5 31. f4 Rfd8 32. Bc3 Ba3 33. Ra1 Bd6 34. Nxd6
Rxd6 35. Qe5 Qxe5 36. Bxe5 Rd2 37. Rc1 Ra2 38. Kg1 Rdd2 39. Bf1 Rxa4 40. Rxc7
Rd1 41. Rxg7+ Kf8 42. Rxh7 Rc4 43. Rc7 Rb4 44. g6 Kg8 45. Rc8+ 1-0

[Event "Moscow Kasparov Cup"]
[Site "Moscow"]
[Date "1998.??.??"]
[Round "5"]
[White "Radjabov, Teimour"]
[Black "Azarov, Sergei Nikolaevich"]
[Result "1-0"]
[WhiteElo "2245"]
[BlackElo "2150"]
[PlyCount "51"]
[EventDate "1998.??.??"]
[EventType "swiss"]
[EventRounds "9"]
[EventCountry "RUS"]
[SourceTitle "EXT 2000"]
[Source "ChessBase"]
[SourceDate "1999.11.16"]
[SourceVersion "1"]
[SourceVersionDate "1999.11.16"]
[SourceQuality "1"]

1. Nf3 d5 2. b3 Bg4 3. Bb2 Bxf3 4. exf3 Nf6 5. g3 g6 6. Bg2 Bg7 7. O-O O-O 8.
f4 c6 9. Re1 Nbd7 10. d4 e6 11. Nd2 Rc8 12. Nf3 c5 13. Ne5 Qc7 14. dxc5 Nxc5
15. Qe2 Rfd8 16. Rad1 Nfd7 17. c4 Nxe5 18. fxe5 dxc4 19. Qxc4 b6 20. Rd6 Bf8
21. Qd4 Bg7 22. Qd2 Nb7 23. Rc1 Qb8 24. Bxb7 Rxd6 25. Rxc8+ Qxc8 26. Qxd6 1-0

[Event "Moscow Kasparov Cup"]
[Site "Moscow"]
[Date "1998.??.??"]
[Round "6"]
[White "Potkin, Vladimir"]
[Black "Radjabov, Teimour"]
[Result "0-1"]
[WhiteElo "2295"]
[BlackElo "2245"]
[PlyCount "108"]
[EventDate "1998.??.??"]
[EventType "swiss"]
[EventRounds "9"]
[EventCountry "RUS"]
[SourceTitle "EXT 2000"]
[Source "ChessBase"]
[SourceDate "1999.11.16"]
[SourceVersion "1"]
[SourceVersionDate "1999.11.16"]
[SourceQuality "1"]

1. e4 e6 2. d4 d5 3. Nd2 Nf6 4. Bd3 c5 5. e5 Nfd7 6. c3 Nc6 7. Ne2 cxd4 8. cxd4
f6 9. exf6 Qxf6 10. O-O Bd6 11. Nf3 h6 12. Bb1 O-O 13. Qd3 Rd8 14. g3 e5 15.
dxe5 Ndxe5 16. Nxe5 Bxe5 17. Nf4 Bxf4 18. Bxf4 Bh3 19. Rd1 g5 20. Bd2 Rd7 21.
Qg6+ Qxg6 22. Bxg6 Bg4 23. Re1 Nd4 24. Kg2 Nf3 25. h3 Nxe1+ 26. Rxe1 Rd6 27.
Bd3 Be6 28. f4 gxf4 29. Bxf4 Rb6 30. Be5 Bf7 31. Bd4 Re6 32. Rc1 Rc6 33. Re1
Re8 34. Rxe8+ Bxe8 35. Bxa7 Bg6 36. Bxg6 Rxg6 37. Bd4 Ra6 38. a3 Ra4 39. Bc3 d4
40. Bb4 Ra8 41. Kf3 Re8 42. Bd2 h5 43. a4 Kg7 44. b4 Kf6 45. b5 Ke5 46. g4 Rf8+
47. Ke2 hxg4 48. hxg4 Ke4 49. a5 Rh8 50. b6 Rh2+ 51. Ke1 Kf3 52. Bb4 Ke3 53.
Kd1 Rh1+ 54. Be1 d3 0-1

[Event "Moscow Kasparov Cup"]
[Site "Moscow"]
[Date "1998.??.??"]
[Round "7"]
[White "Radjabov, Teimour"]
[Black "Timagin, Piotr"]
[Result "1/2-1/2"]
[WhiteElo "2245"]
[BlackElo "2170"]
[PlyCount "64"]
[EventDate "1998.??.??"]
[EventType "swiss"]
[EventRounds "9"]
[EventCountry "RUS"]
[SourceTitle "EXT 2000"]
[Source "ChessBase"]
[SourceDate "1999.11.16"]
[SourceVersion "1"]
[SourceVersionDate "1999.11.16"]
[SourceQuality "1"]

1. c4 e5 2. Nc3 Nf6 3. g3 d5 4. cxd5 Nxd5 5. Bg2 Nb6 6. Nf3 Nc6 7. O-O Be7 8.
d3 O-O 9. a3 f5 10. b4 Bf6 11. Rb1 Be6 12. e4 g6 13. b5 Na5 14. Qc2 c5 15. Rd1
Qe7 16. Bd2 c4 17. Nd5 Bxd5 18. exd5 cxd3 19. Qa2 Nac4 20. Bb4 Nd6 21. Rxd3 e4
22. Re3 Qd7 23. Nd2 Rfd8 24. a4 Rac8 25. Rd1 Ndc4 26. Nxc4 Rxc4 27. Qb3 Rdc8
28. Bf1 Rc2 29. Re2 Rc1 30. Ree1 R1c2 31. Re2 Rc1 32. Ree1 R1c2 1/2-1/2

[Event "Moscow Kasparov Cup"]
[Site "Moscow"]
[Date "1998.??.??"]
[Round "8"]
[White "Radjabov, Teimour"]
[Black "Perunovic, Milos"]
[Result "1/2-1/2"]
[WhiteElo "2245"]
[BlackElo "2240"]
[PlyCount "29"]
[EventDate "1998.??.??"]
[EventType "swiss"]
[EventRounds "9"]
[EventCountry "RUS"]
[SourceTitle "EXT 2000"]
[Source "ChessBase"]
[SourceDate "1999.11.16"]
[SourceVersion "1"]
[SourceVersionDate "1999.11.16"]
[SourceQuality "1"]

1. Nf3 Nf6 2. b3 d5 3. Bb2 c5 4. e3 g6 5. c4 dxc4 6. Bxc4 Bg7 7. O-O O-O 8. d4
cxd4 9. Nxd4 Bd7 10. Nc3 Nc6 11. Nxc6 Bxc6 12. Qe2 Rc8 13. Nb5 Bxb5 14. Bxb5 a6
15. Bd3 1/2-1/2

[Event "Moscow Kasparov Cup"]
[Site "Moscow"]
[Date "1998.??.??"]
[Round "9"]
[White "Gaprindashvili, Valerian"]
[Black "Radjabov, Teimour"]
[Result "1/2-1/2"]
[WhiteElo "2270"]
[BlackElo "2245"]
[PlyCount "80"]
[EventDate "1998.??.??"]
[EventType "swiss"]
[EventRounds "9"]
[EventCountry "RUS"]
[SourceTitle "EXT 2000"]
[Source "ChessBase"]
[SourceDate "1999.11.16"]
[SourceVersion "1"]
[SourceVersionDate "1999.11.16"]
[SourceQuality "1"]

1. d4 e6 2. c4 f5 3. g3 Nf6 4. Bg2 d5 5. Nf3 c6 6. O-O Bd6 7. b3 Qe7 8. Bb2 O-O
9. Nbd2 b6 10. Ne5 Bb7 11. Rc1 a5 12. e3 Na6 13. Qe2 Rac8 14. Ndf3 Nb8 15. Nd3
Nbd7 16. Nfe5 Bb8 17. Rc2 Nxe5 18. dxe5 Nd7 19. f4 b5 20. cxb5 cxb5 21. Rfc1
Rxc2 22. Rxc2 Rc8 23. Bd4 Qf8 24. Bf1 Rc6 25. Ne1 Rxc2 26. Qxc2 b4 27. Bb5 Qd8
28. Nd3 Bc7 29. Kf2 Qc8 30. Ke2 Kf7 31. Kd2 Bd8 32. Qxc8 Bxc8 33. Nc5 Ke7 34.
Na4 Bc7 35. Kd3 g5 36. Ba7 g4 37. Kd4 h5 38. Bxd7 Kxd7 39. Kc5 Ba6 40. Nb2 Bd8
1/2-1/2

[Event "EU-ch U12"]
[Site "Mureck"]
[Date "1998.??.??"]
[Round "5"]
[White "Radjabov, Teimour"]
[Black "Gashimov, Vugar"]
[Result "1/2-1/2"]
[WhiteElo "2325"]
[BlackElo "2270"]
[PlyCount "140"]
[EventDate "1998.07.??"]
[EventType "swiss"]
[EventRounds "9"]
[EventCountry "AUT"]
[SourceTitle "EXT 2000"]
[Source "ChessBase"]
[SourceDate "1999.11.16"]
[SourceVersion "1"]
[SourceVersionDate "1999.11.16"]
[SourceQuality "1"]

1. Nf3 g6 2. c4 Bg7 3. g3 e5 4. Nc3 Nc6 5. Bg2 d6 6. O-O f5 7. d3 Nf6 8. Rb1 a5
9. a3 O-O 10. b4 axb4 11. axb4 h6 12. Nd2 Ne7 13. b5 Kh7 14. Qb3 c6 15. Ba3 Be6
16. bxc6 bxc6 17. Qb4 Ne8 18. Rfc1 Bg8 19. Ra1 Rb8 20. Qa4 Ra8 21. Qc2 Nf6 22.
Rcb1 Qc7 23. e3 Rfd8 24. Rb3 Ra7 25. Rc1 Rda8 26. Qb2 e4 27. d4 Ne8 28. Bf1 Nc8
29. Ndb1 Kh8 30. Qd2 Qd8 31. d5 c5 32. Bb2 Nf6 33. Nb5 Ra6 34. Ra3 Rxa3 35.
N1xa3 Nd7 36. Bxg7+ Kxg7 37. Qc3+ Ne5 38. Be2 Ra4 39. Rb1 Qf6 40. Qc2 Ra5 41.
Kg2 Bf7 42. Qc3 Ra6 43. Nc7 Ra7 44. Ncb5 Ra6 45. Nc7 Ra7 46. Rb8 Rxc7 47. Nb5
Rd7 48. Rxc8 g5 49. Rc7 Rxc7 50. Nxc7 Nd7 51. Qa3 Qe5 52. Qa4 Nf6 53. Nb5 Ne8
54. Qa3 Kf6 55. Bd1 Kg7 56. Na7 Qe7 57. Nc6 Qf6 58. Kf1 Kf8 59. Kg2 Kg7 60. Na7
Qe7 61. Nb5 Qe5 62. Be2 Kf6 63. Qb3 h5 64. Qd1 Ng7 65. Qd2 Ne8 66. Qc1 Ng7 67.
Na7 Kg6 68. Nc6 Qf6 69. Qa3 Kh7 70. Bd1 h4 1/2-1/2

[Event "EU-ch U12"]
[Site "Mureck"]
[Date "1998.??.??"]
[Round "6"]
[White "Le Roy, Brice"]
[Black "Radjabov, Teimour"]
[Result "0-1"]
[WhiteElo "2075"]
[BlackElo "2325"]
[PlyCount "68"]
[EventDate "1998.07.??"]
[EventType "swiss"]
[EventRounds "9"]
[EventCountry "AUT"]
[SourceTitle "EXT 2000"]
[Source "ChessBase"]
[SourceDate "1999.11.16"]
[SourceVersion "1"]
[SourceVersionDate "1999.11.16"]
[SourceQuality "1"]

1. Nf3 e6 2. g3 f5 3. Bg2 Nf6 4. O-O d5 5. d4 Bd6 6. c4 c6 7. Nc3 O-O 8. Bf4
Bxf4 9. gxf4 Qe7 10. c5 Ne4 11. Qc2 Bd7 12. Ne5 Be8 13. f3 Nxc3 14. Qxc3 Nd7
15. e3 Nxe5 16. fxe5 f4 17. e4 g5 18. Qd2 Rd8 19. exd5 Rxd5 20. Qc3 Bg6 21.
Rad1 Bf5 22. b4 Qg7 23. Kh1 Kh8 24. a4 a6 25. Rg1 Qh6 26. Rd2 Rd7 27. b5 axb5
28. axb5 Rg7 29. bxc6 bxc6 30. Qb3 Rfg8 31. Rdd1 g4 32. fxg4 Rxg4 33. Qa3 Rh4
34. Bh3 Be4+ 0-1

[Event "EU-ch U12"]
[Site "Mureck"]
[Date "1998.??.??"]
[Round "9"]
[White "Radjabov, Teimour"]
[Black "Papp, Gabor"]
[Result "1-0"]
[WhiteElo "2325"]
[BlackElo "2190"]
[PlyCount "65"]
[EventDate "1998.07.??"]
[EventType "swiss"]
[EventRounds "9"]
[EventCountry "AUT"]
[SourceTitle "EXT 2000"]
[Source "ChessBase"]
[SourceDate "1999.11.16"]
[SourceVersion "1"]
[SourceVersionDate "1999.11.16"]
[SourceQuality "1"]

1. Nf3 g6 2. c4 Bg7 3. g3 e5 4. Nc3 Nc6 5. Bg2 d6 6. O-O f5 7. d3 Nf6 8. Rb1 h6
9. b4 O-O 10. b5 Ne7 11. Ba3 Be6 12. Nd2 Rb8 13. Qb3 Qd7 14. Nd5 b6 15. Nb4 Rf7
16. Bb2 Kh8 17. d4 exd4 18. Bxd4 Rbf8 19. e3 g5 20. f4 g4 21. Rfd1 h5 22. Qa3
h4 23. Bxf6 Rxf6 24. Qxa7 Bg8 25. Rdc1 Re6 26. Nf1 h3 27. Bh1 Qc8 28. Na6 Rxe3
29. Nxe3 Bd4 30. Rb3 Qe6 31. Kf2 Nc8 32. Qxc7 Rf7 33. Bd5 1-0

[Event "Wch U12"]
[Site "Oropesa del Mar"]
[Date "1998.??.??"]
[Round "4"]
[White "Bellaiche, Antony"]
[Black "Radjabov, Teimour"]
[Result "0-1"]
[WhiteElo "2130"]
[BlackElo "2325"]
[PlyCount "80"]
[EventDate "1998.10.25"]
[EventType "swiss"]
[EventRounds "11"]
[EventCountry "ESP"]
[SourceTitle "EXT 2000"]
[Source "ChessBase"]
[SourceDate "1999.11.16"]
[SourceVersion "1"]
[SourceVersionDate "1999.11.16"]
[SourceQuality "1"]

1. d4 e6 2. Nf3 d5 3. c4 f5 4. g3 Nf6 5. Bg2 c6 6. O-O Bd6 7. b3 Qe7 8. Ne5 O-O
9. Bb2 Bd7 10. Nd2 Be8 11. Ndf3 Nbd7 12. Ne1 Ne4 13. N1d3 Rd8 14. Qc2 Nxe5 15.
dxe5 Bc7 16. cxd5 exd5 17. Bd4 Bb6 18. Bxb6 axb6 19. b4 Bf7 20. Rac1 d4 21. Qb2
Nc3 22. a3 c5 23. bxc5 bxc5 24. Rfe1 c4 25. Nf4 g5 26. e6 gxf4 27. exf7+ Rxf7
28. gxf4 Rg7 29. Kh1 Kh8 30. Bf3 Ne4 31. Rf1 c3 32. Qb6 Rg6 33. Qb5 Rdg8 34. h3
Qh4 35. Qe5+ R6g7 36. Bg4 Nxf2+ 37. Rxf2 Qxf2 38. Qxf5 Qe3 39. Rc2 Rxg4 40.
hxg4 Qh3+ 0-1

[Event "Wch U12"]
[Site "Oropesa del Mar"]
[Date "1998.??.??"]
[Round "5"]
[White "Radjabov, Teimour"]
[Black "Gashimov, Vugar"]
[Result "1-0"]
[WhiteElo "2325"]
[BlackElo "2270"]
[PlyCount "79"]
[EventDate "1998.10.25"]
[EventType "swiss"]
[EventRounds "11"]
[EventCountry "ESP"]
[SourceTitle "EXT 2000"]
[Source "ChessBase"]
[SourceDate "1999.11.16"]
[SourceVersion "1"]
[SourceVersionDate "1999.11.16"]
[SourceQuality "1"]

1. Nf3 g6 2. c4 Bg7 3. d4 Nf6 4. Nc3 O-O 5. g3 d5 6. Bg2 dxc4 7. Qa4 a6 8. Qxc4
b5 9. Qb3 Nc6 10. O-O Bb7 11. Rd1 Na5 12. Qc2 Qc8 13. a3 Qf5 14. e4 Bxe4 15.
Nxe4 Qxe4 16. Qc3 Nc4 17. Ne5 Qf5 18. Nxc4 bxc4 19. Bxa8 Rxa8 20. Qxc4 h5 21.
Qd3 Qd5 22. h4 Rd8 23. Bf4 c5 24. Be5 Ng4 25. Qe2 c4 26. Bxg7 Kxg7 27. Rac1 Rc8
28. Rc3 e6 29. b3 Qa5 30. Rxc4 Rd8 31. a4 Qd5 32. f3 Ne5 33. Rc5 Qxf3 34. Qxe5+
f6 35. Rc7+ Rd7 36. Rxd7+ Kh6 37. Qxe6 Qxd1+ 38. Kf2 Qd2+ 39. Qe2 Qxd4+ 40.
Qe3+ 1-0

[Event "Wch U12"]
[Site "Oropesa del Mar"]
[Date "1998.??.??"]
[Round "6"]
[White "Grachev, Boris V"]
[Black "Radjabov, Teimour"]
[Result "0-1"]
[WhiteElo "2235"]
[BlackElo "2325"]
[PlyCount "110"]
[EventDate "1998.10.25"]
[EventType "swiss"]
[EventRounds "11"]
[EventCountry "ESP"]
[SourceTitle "EXT 2000"]
[Source "ChessBase"]
[SourceDate "1999.11.16"]
[SourceVersion "1"]
[SourceVersionDate "1999.11.16"]
[SourceQuality "1"]

1. e4 e6 2. d4 d5 3. Nd2 Nf6 4. e5 Nfd7 5. f4 c5 6. c3 Nc6 7. Ndf3 Qb6 8. h4 f6
9. Bd3 cxd4 10. cxd4 Bb4+ 11. Ke2 O-O 12. Be3 Be7 13. Qc2 f5 14. a3 h5 15. Nh3
Qd8 16. Nhg5 Nb6 17. Nd2 Bd7 18. Rhc1 Rc8 19. Qd1 a5 20. Kf2 g6 21. b3 Rc7 22.
Nb1 a4 23. b4 Qc8 24. Ra2 Na7 25. Rac2 Rxc2+ 26. Rxc2 Qb8 27. Qe2 Rc8 28. g3
Rc7 29. Nf3 Rxc2 30. Qxc2 Bb5 31. Ne1 Bc6 32. Nc3 Qe8 33. Qe2 Bd7 34. Nc2 Qc8
35. Bd2 Na8 36. Ke1 Nc7 37. Kd1 Qe8 38. Kc1 Ncb5 39. Kb2 Nxc3 40. Bxc3 Bb5 41.
Ne1 Qc6 42. Nf3 Bd8 43. Nd2 Bb6 44. Qf1 Kf7 45. Qe2 Ke7 46. Qf1 Bxd3 47. Qxd3
Nb5 48. Qe3 Qxc3+ 49. Qxc3 Bxd4 50. Qxd4 Nxd4 51. Kc3 Ne2+ 52. Kd3 Nxg3 53. Ke3
Ne4 54. Nxe4 dxe4 55. Kd4 Kd7 0-1